Football joueurs qui ont déjà fait une coupe du monde -Mort subite - Statistiques

Statistiques générales
  • Ce quiz a été pris 643 fois
  • Le résultat moyen est 7 sur 25
Answers on the Grid
Answers color-coded by a green-red scale on the quiz's grid according to % correct below.
Abédi Pelé
Ander herrera
André Ayew
Chang-Hoon Kwon
Cristiano Ronaldo
Davor Suker
Djibril Sidibé
Eric Cantona
Eric-Maxim Choupo-Moting
Fabio Quagliarella
George Best
George Weah
Georges Weah
Gerd Muller
Ian Rush
Ian Wright
J-A Boumsong
Javier Pastore
Jérôme Rothen
Jordan Veretout
Julian Draxler
Kamil Glik
Luis Suarez
Marco Asensio
Marco Reus
Naïm Sliti
Nico Elvedi
Nicolas Pallois
Nicolo Barella
Paolo Rossi
Pierre-Emerick Aubameyang
Pierre-Emerick Aubameyang
Riyad Mahrez
Ryan Giggs
Sadio Mané
Samir Nasri
Sokratis
Yohan Cabaye
Yussuf Poulsen
Zlatan Ibrahimovic
 
Statistiques - réponses
Réponse % Correct
Cristiano Ronaldo
74%
Djibril Sidibé
54%
Luis Suarez
54%
Julian Draxler
43%
Gerd Muller
42%
Sadio Mané
39%
Zlatan Ibrahimovic
39%
André Ayew
34%
Davor Suker
34%
Marco Reus
34%
Marco Asensio
30%
Yohan Cabaye
30%
Eric-Maxim Choupo-Moting
24%
Jordan Veretout
24%
Riyad Mahrez
24%
Paolo Rossi
21%
Kamil Glik
20%
Chang-Hoon Kwon
18%
Yussuf Poulsen
18%
Javier Pastore
16%
J-A Boumsong
12%
Naïm Sliti
11%
Fabio Quagliarella
10%
Nico Elvedi
10%
Sokratis
10%
Aucun quiz correspondant
Distribution des résultats
% des personnes avec chaque résultat
Percentile par nombre de réponses
Votre historique - résultats
Vous n’avez pas pris ce quiz